| 000 | 00886nas a2200337 4500 | ||
|---|---|---|---|
| 001 | BR9201056 | ||
| 003 | BR-BrBNA | ||
| 005 | 20231205092338.0 | ||
| 007 | ta | ||
| 008 | 230509b bl.|||p| |||| 00| 00por d | ||
| 040 |
_aBR-BrBNA _bpor _cBiblioteca Nacional de Agricultura |
||
| 041 | _a(Pt) | ||
| 072 | _aL02 | ||
| 100 | 1 | _aSilva, S. | |
| 245 | 1 | _aO que se ganha suplementando o gado na seca | |
| 650 | _aGADO | ||
| 650 | _aSUPLEMENTO ALIMENTAR | ||
| 650 | _aVOLUMOSOS | ||
| 650 | _aNUTRICAO ANIMAL | ||
| 650 | _aPALHADA | ||
| 650 | _aPASTAGEM | ||
| 650 | _aROTACAO DE CULTURA | ||
| 650 | _aFENO | ||
| 650 | _aPLANTA FORRAGEIRA | ||
| 650 | _aCAPIM | ||
| 650 | _aDISTRITO FEDERAL | ||
| 650 | _aPRATICO | ||
| 773 | 0 |
_tCerrado (Brazil) _xISSN 0100-0578 _g(Sep 1971), v. 4(13) p. 4-8 _wBR9201056 |
|
| 909 |
_a202311 _bLúcia _c55 _dLúcia Elande |
||
| 942 |
_2AGRIS _n0 _cANA |
||
| 999 |
_c131081 _d131081 |
||